000 00713nam a2200181Ia 4500
999 _c19705
_d47703
005 20180315043624.0
037 _aBC_1398 70/A-B
040 _aBC-ENSA
_bfre
041 _afre
110 _aOffice national des statistiques. Direction technique chargée des statistiques économiques et du suivi de la conjoncture
245 _aEvolution des échanges de marchandises de 1992 à 2004
260 _aAlger
_bONS
_c2005
300 _a147 p.
_bill.
_c30 cm
562 _e02 exemplaires
942 _c09
490 _a1589
653 _aINDUSTRIE/PRIX/VALEUR AJOUTEE/COMMERCE EXTERIEUR/ENERGIE/HYDROCARBURE/ECONOMIE/MARCHE